Sur les fonctions analytiques de plusieurs variables /

Guardado en:
Autor Principal: Oka, Kiyoshi, 1901-1978.
Formato: Libro
Idioma:French
Publicado: Tokyo : Iwanami shoten, 1961.
Etiquetas: Agregar Etiqueta
Sin Etiquetas, Sea el primero en etiquetar este registro!
LEADER 00631nam a22001815a 4500
001 MAT.inmabb001182
008 031120s1961####ja#######b####000#0#fre#d
005 20160805174830.0
245 1 0 |a Sur les fonctions analytiques de plusieurs variables /  |c par Kiyoshi Oka. 
260 |a Tokyo :  |b Iwanami shoten,  |c 1961. 
300 |a 234 p. ;  |c 26 cm. 
500 |a Recopilación de artículos publicados originalmente entre 1936 y 1953. 
504 |a Incluye referencias bibliográficas. 
510 4 |a MR,  |c 24 #A2048 
100 1 |a Oka, Kiyoshi,  |d 1901-1978. 
084 |a 32E10  |2 msc2000 
010 |a  63001921  
859 |h 32  |i Ok41  |p A-1235  |b BIB. MATEMATICA